Texas Quiz by Letter - W - Statistics

General Stats
  • This quiz has been taken 16 times
  • The average score is 5 of 10
Answer Stats
Question Answer % Correct
Where is Baylor University loacted? Waco
94%
"Keep Austin _____" Weird
81%
Fast food restaurant that specializes in hamburgers, which was founded in Corpus Christi in 1950 Whataburger
75%
Supermarket chain known for its natural and organic groceries that started in Austin Whole Foods
69%
7'4 French basketball player for the San Antonio Spurs Victor Wembanyama
63%
Hall of Fame Dallas Cowboys defensive tackle nicknamed "The Manster" Randy White
44%
10-day German-themed festival in New Braunfels Wurstfest
25%
What's the tallest structure, which is located in downtown Austin, in Texas? Waterline
13%
What was Austin's original name Waterloo
13%
What is the largest city that's not a part a major metropolitan area? Witcha Falls
0%
No matching quizzes found
Score Distribution
Percent of People with Each Score
Percentile by Number Answered
Your Score History
You have not taken this quiz